000 00722nam a2200253 a 4500
001 000082029
005 20200120224650.0
008 161128s2016 sp o|||gr|||| 000 ||spa d
020 _a9788499105741
041 0 _a/+spa
043 _ae-sp---
082 0 4 _a612.044
_bR65
_221
100 1 _aRoll, Rich
245 1 0 _aSuperar los límites /
_cRich Roll; traducido por Beatriz Villena Sánchez.
250 _a1a. ed.
260 _aBarcelona :
_bPaidotribo,
_c2016.
300 _a285 páginas.
500 _aIncluye índice
650 1 7 _aDeportes
_2LEMB
650 2 7 _aEntrenamiento atlético
_2LEMB
650 2 7 _aSuperación personal
_2LEMB
650 2 7 _aExito
_2LEMB
700 1 _aVillena Sánchez, Beatriz,
_etrductora
999 _c10437
_d10437